Get the Picture: The Dakotas Quiz Stats

 Plays Quiz Updated Oct 10, 2019

Score 0/16 Timer 04:00
0 Plays Today
Question Answer Wrong Answers
Largest City:
Fargo
North Dakota
80%
South Dakota
9.5%
Capital:
Bismarck
North Dakota
79.2%
South Dakota
10.2%
State Nickname:
The Mount Rushmore State
South Dakota
77.7%
North Dakota
12.1%
Largest City:
Sioux Falls
South Dakota
75.9%
North Dakota
13.6%
Capital:
Pierre
South Dakota
75.6%
North Dakota
13.7%
Lowest Point:
Red River of the North
North Dakota
67.1%
South Dakota
22%
National Park:
Badlands National Park
South Dakota
66%
North Dakota
23.3%
State Nickname:
Peace Garden State
North Dakota
64.5%
South Dakota
24.6%
State Flag
North Dakota
63.9%
South Dakota
24.8%
National Park:
Theodore Roosevelt National Park
North Dakota
63.7%
South Dakota
25.7%
Highest Point:
White Butte
North Dakota
61.3%
South Dakota
27.8%
State Motto:
Liberty and Union, Now and Forever, One and Inseparable
North Dakota
60.2%
South Dakota
29.2%
State Flag
South Dakota
59.2%
North Dakota
29.7%
State Motto:
Under God the People Rule
South Dakota
56.6%
North Dakota
32.7%
Highest Point:
Black Elk Peak
South Dakota
53.4%
North Dakota
35.3%
Lowest Point:
Big Stone Lake
South Dakota
52.5%
North Dakota
36.8%

Today's Daily Dose

Missing Word
1940s A-Z

Quick Pick
'S' Athletes

Get the Picture
Depp or Bonham Carter

You're not logged in!

Compare scores with friends on all Sporcle quizzes.
OR
Log In

Sporcle TV

Today on Sporcle TV


Watch our educational content, quiz creation guides, and fun videos on Sporcle TV.

Show Comments

Extras

Top Quizzes Today


Score Distribution

Your Account Isn't Verified!

In order to create a playlist on Sporcle, you need to verify the email address you used during registration. Go to your Sporcle Settings to finish the process.

Report this User

Report this user for behavior that violates our Community Guidelines.

Details: